Time Tester Extreme! - Statistics

General Stats
  • This quiz has been taken 30 times
    28 since last reset
  • The average score is 20 of 40
Answers on the Grid
Answers color-coded by a green-red scale on the quiz's grid according to % correct below.
HELLO
WELCOME
TO
THIS
QUIZ
JUST
PRESS
ALL
THE
WRONG
BUTTONS
AS
FAST
WRONG
AS
YOU
CAN
KEEP
GOING
WRONG
YOU
CAN
DO
IT
WRONG
OH
NO
TIME
IS
WRONG
RUNNING
OUT
HURRY
ALMOST
THERE
WRONG
JUST
A
COUPLE
MORE
CONGRATS
YOU
HAVE
WRONG
REACHED
THE
END
 
Answer Stats
Answer % Correct
HELLO
86%
QUIZ
86%
JUST
79%
THE
79%
PRESS
71%
TO
71%
WELCOME
71%
ALL
64%
BUTTONS
64%
CAN
64%
THIS
64%
DO
57%
FAST
57%
IS
57%
YOU
57%
AS
50%
CAN
50%
GOING
50%
KEEP
50%
NO
50%
OH
50%
RUNNING
50%
AS
43%
IT
43%
YOU
43%
YOU
43%
A
36%
ALMOST
36%
CONGRATS
36%
HURRY
36%
JUST
36%
REACHED
36%
THE
36%
THERE
36%
TIME
36%
COUPLE
29%
END
29%
HAVE
29%
OUT
29%
MORE
14%
No matching quizzes found
Score Distribution
Percent of People with Each Score
Percentile by Number Answered
Your Score History
You have not taken this quiz since the last reset